| 000 | 00397nam a2200169Ia 4500 | ||
|---|---|---|---|
| 008 | 230524s9999 xx 000 0 und d | ||
| 020 | _a9788183711517 | ||
| 082 | _bKAN | ||
| 100 | _a"Kannaiah, P" | ||
| 245 | 0 | _aMachine Design | |
| 250 | _a2 | ||
| 260 |
_aChennai _bScitech Publications _c2011 |
||
| 300 | _a30.33 p. | ||
| 500 | _aQuantity Number: 34 | ||
| 650 | _aMechanics | ||
| 942 | _cBK | ||
| 999 |
_c53190 _d53190 |
||